000 00478ntaaa2200181 4500
003 01
005 20251027200733.0
008 0714s1973 ag 01
040 _aAR-BaBN
_bspa
_cAR-BaBN
_eaacr
_dRIC
082 _a783.7 So1
110 _aSociedad Americana de Tratados
_93725
245 _aHimnario. /
_cSociedad Americana de Tratados
260 _as.l. :
_bSociedad Americana de Tratados,
_c1931
300 _axiv,600 p.
650 _aMusica
650 _aHimnario
942 _cBK
999 _c1725
_d1725